| 000 | 00422cam a2200181ua 4500 | ||
|---|---|---|---|
| 020 | _c.75 | ||
| 041 |
_amal _h |
||
| 082 |
_a894.812301 _bTKG/KA |
||
| 100 | _aT K G , nair . | ||
| 245 |
_aKannuasramam / _cT K G Nair. _hTextual Documents |
||
| 250 |
_a1 / _b. |
||
| 260 |
_aKodungallur : _bKerala Book House , _c1958. |
||
| 300 | _a58 ; . | ||
| 365 | _a.75 | ||
| 504 | _a | ||
| 942 | _cBK | ||
| 999 |
_c12579 _d12579 |
||